| 000 | 00947nas a2200277 4500 | ||
|---|---|---|---|
| 001 | BR0906077 | ||
| 003 | BR-BrBNA | ||
| 005 | 20231205113504.0 | ||
| 007 | ta | ||
| 008 | 230509b bl.|||p| |||| 00| 00por d | ||
| 040 |
_aBR-BrBNA _bpor _cBiblioteca Nacional de Agricultura |
||
| 041 | _a(Pt) | ||
| 072 | _aM40 | ||
| 100 | 1 | _aPitelli, R.L.C.M. | |
| 100 | 1 | _aFerraudo, A.S. | |
| 100 | 1 | _aPitelli, A.M.C.M. | |
| 100 | 1 | _aPitelli, R.A. | |
| 100 | 1 | _aVelini, E.D. | |
| 245 | 1 | _aUtilização de análise multivariada e redes neurais artificiais na determinação do comportamento de colonização de populações de macrófitas aquáticas no reservatório de Santana | |
| 650 | _aORGANISMO AQUÁTICO | ||
| 650 | _aMÉTODO ESTATÍSTICO | ||
| 650 | _aRIO DE JANEIRO | ||
| 773 | 0 |
_tPlanta Daninha (Brazil) _xISSN 0100-8358 _g(Jul-Sep 2009), v. 27(3) p. 429-439 _wBR0906077 |
|
| 909 |
_a202311 _bLúcia _c55 _dLúcia Elande |
||
| 942 |
_2AGRIS _n0 _cANA |
||
| 999 |
_c204049 _d204049 |
||